000 00768cad a22002175a 4500
001 L157337
008 121023s2012 xxkqr p 0 a0eng u
035 _a(Sirsi) u157337
041 0 _aeng
100 1 _aWhittaker, Gemma
110 2 _aWragge and Co LLP
245 0 0 _aPrepare to be BIM-enabled
_h[electronic resource]
260 _aBirmingham
_bWragge and Co LLP
_c2012
520 _aThis article asks what is BIM, looks at the practicalities, asks whether contracts will need to change, and examines BIM protocol, consultants and other issues.
590 _aKA
651 4 _aUnited Kingdom
_y
690 _aBIM
_96219
690 _aContracts
_96232
856 4 0 _uhttps://www.wragge.com/analysis_9070.asp
_zView the item free here www.wragge.com
942 _n0
999 _c114731
_d114731